000 00314nam a22001217a 4500
008 160507b xxu||||| |||| 00| 0 eng d
020 _a9780130647870
020 _a013064787
041 _aeng
080 _a573
245 _aBiology life on earth:
_cTersa Audesirk; Gerald Audesirk; Bruce E.Byers;
942 _2udc
_cBK
999 _c1908
_d1908